000 00668nam a2200193Ia 4500
008 151121s9999||||xx |||||||||||||| ||und||
082 _a833/बोरक
082 _bHNW-18462
100 _aबोरकर बाळकृष्ण भगवंत
245 _aदेवदासी
260 _b"सत्साहित्य प्रकाशन मंडल, दिल्ली"
260 _c--
300 _a214
600 _aबोरकर बाळकृष्ण भगवंत
630 _aदेवदासी
700 _aबोरकर बाळकृष्ण भगवंत
730 _aदेवदासी
942 _cBOOK
999 _c1220332
_d1220329